Представление документа в формате RUSMARC

ПолеНазваниеЗначение
  Тип записи a
  Библиографический уровень a
001 Контрольный номер RU/УОНБ/EK_KRAY/320878752
005 Дата корректировки 20240202163426.2
100 Данные общей обработки __
a Данные общей обработки 20010623d2001 u u0rusy0103 ba
101 Язык документа 0_
a Язык текста rus
200 Заглавие и сведения об ответственности 1_
a Заглавие Об областном бюджете на 2001 год
e Сведения, относящиеся к заглавию закон Ульяновской области
210 Выходные данные 1_
d Дата издания 2001
330 Аннотация __
a Аннотация Обл. бюджет на 2001 г. Изм. от 27 апр. 2001 г.: Ульян. правда.- 2001.- 8 мая. Изм. от 26 июля 2001 г.: Ульян. правда. - 2001. - 11 авг.
610 Ключевые слова 0_
a Ключевые слова областной бюджет
610 Ключевые слова 0_
a Ключевые слова закон
686 Индексы других классификаций __
a Классификационный индекс 0Б(2...-4)
2 Код системы rubbk
801 Источник записи _0
a Страна RU
b Организация Ульяновская ОНБ
c Дата составления 20010623
g Правила каталогизации PSBO
801 Источник записи _1
a Страна RU
b Организация Ульяновская ОНБ
c Дата составления 20010623
901 Тип документа __
t Тип документа m
909 Создатель записи __
b Дата создания записи 20010623
938 Служебная информация __
a Имя БД kraeved_work
b Имя библиотеки УОНБ
c Имя АИБС МАРК-SQL
d Номер DOC_ID в БД 22745